| 000 | 01134cam a22001814a 4500 | ||
|---|---|---|---|
| 005 | 20250605164404.0 | ||
| 008 | 250528s ||||||||||||||||||||||||d | ||
| 035 | _a24748 | ||
| 040 |
_aGR-AtMCL _bgre _dGR-AtMCL _eAACR2 |
||
| 245 | 1 | _aΗλεκτροκίνηση σε Van και Περονοφόρα / Όταν οι Αστικές Μεταφορές και τα Έξυπνα Περονοφόρα Μπαίνουν στην... Πρίζα | |
| 260 |
_bScl Magazine, _c2022 |
||
| 300 | _a120 | ||
| 520 | _aΤο COBOT της Θεοδώρου: Αυτοματισμοί στο Εργοστάσιο της Apivita, Το Πλάνο της Περιφέρειας για Ανάπτυξη των Logistics και Ανάπλαση των Βιομηχανικών Περιοχών είναι Έτοιμο, Intellicont: Το Νέο Έξυπνο Αεροπορικό Container Κάνει Πράξη την 'Πράσινη Μετάβαση των Αεροπορικών Εμπορευματικών Μεταφορών. | ||
| 700 | 1 |
_aΔημητριάδης Θεόδωρος _99489 |
|
| 942 | _cCR | ||
| 999 |
_c9603 _d9603 |
||